000 00450nam a22001697a 4500
005 20180316165923.0
008 160503b xxu||||| |||| 00| 0 eng d
020 _a81-297-0588-5
041 _aeng
082 _b1125
_a336
100 _aCnossen and Sinn werner Hans
_94200
245 _aPublic Finance & Public Policy in the New Century
260 _aNew Delhi
_bPearson Education,
_c2004
300 _a535
650 _aManagement
_9241
942 _cBK
999 _c434
_d434